000
00258nam a22001337a 4500
082
_a
823
_b
AMI/SIT
100
_a
AMISH
245
_a
SITA WARRIOR OF MITHILA
260
_b
WESTLAND
_c
2017
300
_a
361
520
_a
STORY
650
_a
STORY
942
_c
BK
999
_c
7213
_d
7213